LEADER 01408nam a2200325 u 4500 001 000000023579 003 CaOOAMICUS 005 20070226111244.0 008 950608s1990 gw u000 u ger u 020 $a3786714754 035 $a10593239 040 $aIPA$bita 100 1 $aSchockenhoff, Eberhard,$d1953-$0(OLS)http://pul/name/19849 245 10$aZum Fest der Freiheit :$bTheologie des christlichen Handelns bei Origenes /$cEberhard Schockenhoff. 260 $aMainz :$bMatthias-Grünewald,$cc1990. 300 $a352 p. ;$c23 cm 490 1 $aTübinger theologische Studien ;$v33 500 $aComprende indici. 502 $aHabil.-Schrift -- Universität Tübingen. 504 $aBibliografia: p. 338-349. 600 04$aOrigenes,$d184-253.$0(OLS)http://pul/subject/2177 710 2 $aUniversität Tübingen.$0(OLS)http://pul/name/2439 830 0$aTübinger theologische Studien ;$v33.$0(OLS)http://pul/title/32755 850 $aPUL 852 $aPUL$W1$xSL Religione 3$y85$m232 SCHEB 1$j33072$nBK-PRI$qDDC 21$B33072$CPULBib$Z2$F33072 $HPUL92802 $82 941 1 $a9 960 $aOrigene,$d184-253$92177 996 $6020$a3786714754$9(OLS)http://pul/number/29647 996 $6245$aZum Fest der Freiheit :$bTheologie des christlichen Handelns bei Origenes$9(OLS)http://pul/title/32754 996 $6260$aMainz :$bMatthias-Grünewald$9(OLS)http://pul/publisher/51243 LEADER 01037nam a2200253 a 4500 001 000000170619 003 CaOOAMICUS 005 20181120103442.0 008 181120s1957 it cf u000 u ita r 032 $aLibriCat 040 $aPUL$bita 100 1 $aSturzo, Luigi,$csac.,$d1871-1959.$0(OLS)http://pul/name/5972 245 10$aCrisi politica e ripresa morale /$cLuigi Sturzo. 260 $aNapoli :$bPolitica popolare,$c1957. 300 $a89 p., [1] c. di tav. :$britr. ;$c24 cm. 504 $aInclude bibliografia di riferimento e indici. 600 14$aSturzo, Luigi,$csac.,$d1871-1959$xPensiero politico e sociale.$0(OLS)http://pul/subject/5647 650 4$aPolitica e morale.$0(OLS)http://pul/subject/4796 850 $aPUL 852 $aPUL$W1$xDP1 Fondo De Girolamo$y124$m1 E 11$j151945$qFondi$B198995$CPULBib$Z2$F198995 $81 941 1 $a1 996 $6245$aCrisi politica e ripresa morale$9(OLS)http://pul/title/211420 996 $6260$aNapoli :$bPolitica popolare$9(OLS)http://pul/publisher/65154